MARC details
| 000 -CABECERA |
| campo de control de longitud fija |
01657nam a22002177a 4500 |
| 008 - DATOS DE LONGITUD FIJA--INFORMACIÓN GENERAL |
| campo de control de longitud fija |
250516b |||||||| |||| 00| 0 eng d |
| 020 ## - NÚMERO INTERNACIONAL ESTÁNDAR DEL LIBRO |
| Número Internacional Estándar del Libro |
9789063694319 |
| 040 ## - FUENTE DE LA CATALOGACIÓN |
| Centro/agencia transcriptor |
tbs |
| 041 ## - CÓDIGO DE LENGUA |
| Código de lengua del texto/banda sonora o título independiente |
eng |
| 050 ## - SIGNATURA TOPOGRÁFICA DE LA BIBLIOTECA DEL CONGRESO |
| Número de clasificación |
BF637.N4 |
| Número de documento/Ítem |
H48 2017 |
| 100 ## - ENTRADA PRINCIPAL--NOMBRE DE PERSONA |
| Nombre de persona |
Heus, Geurt Jan de |
| 9 (RLIN) |
25261 |
| Término indicativo de función/relación |
author |
| 245 ## - MENCIÓN DE TÍTULO |
| Título |
Mastering the art of negotiation |
| Resto del título |
: seven guides for creating your journey |
| Mención de responsabilidad, etc. |
/ Geurt Jan de Heus. |
| 260 ## - PUBLICACIÓN, DISTRIBUCIÓN, ETC. |
| Lugar de publicación, distribución, etc. |
Amsterdam : |
| Nombre del editor, distribuidor, etc. |
BIS Publishers, |
| Fecha de publicación, distribución, etc. |
2017. |
| 300 ## - DESCRIPCIÓN FÍSICA |
| Extensión |
213 pages : |
| Otras características físicas |
illustrations (chiefly color) ; |
| Dimensiones |
20 cm. |
| 504 ## - NOTA DE BIBLIOGRAFÍA, ETC. |
| Nota de bibliografía, etc. |
Includes bibliographical references (pages 210-213). |
| 520 ## - SUMARIO, ETC. |
| Sumario, etc. |
You negotiate on a daily basis. You just may not always notice it and/or be aware of it. Every day, at home and at work, you collaborate, find solutions, solve problems, or deal with differences of opinion or even conflicts.<br/><br/>This book applies seven basic principles for you to take ownership of the process of negotiation. It builds on the foundational theory of Getting to Yes. It provides insight into your personal pitfalls and allows you to handle increasing complexity in negotiations in a more conscious and resilient manner. This book answers the most frequently asked questions spanning over 20 years in the author’s training and coaching practice.<br/><br/>Hundreds of books have been written on the topic of negotiation. This book combines the psychological components, collaboration and project leadership and brings them together to address various challenges and reconcile them with consciousness, resilience, creativity, and strength. |
| 650 #0 - PUNTO DE ACCESO ADICIONAL DE MATERIA--TÉRMINO DE MATERIA |
| Término de materia o nombre geográfico como elemento de entrada |
Negotiation |
| 9 (RLIN) |
63 |
| 650 #0 - PUNTO DE ACCESO ADICIONAL DE MATERIA--TÉRMINO DE MATERIA |
| Término de materia o nombre geográfico como elemento de entrada |
Decision making |
| 9 (RLIN) |
339 |
| 650 #0 - PUNTO DE ACCESO ADICIONAL DE MATERIA--TÉRMINO DE MATERIA |
| Término de materia o nombre geográfico como elemento de entrada |
Social groups |
| 9 (RLIN) |
7507 |
| 942 ## - ELEMENTOS DE ENTRADA AGREGADA (KOHA) |
| Fuente del sistema de clasificación o colocación |
Clasificación de Library of Congress |